ARRUPE JESUIT UNIVERSITY

CORONAVIRUS -STOP THE SPREAD - CLEAN,DISINFECT,COVER

Heart Speaks unto Heart (Record no. 121456)

MARC details
000 -LEADER
fixed length control field 00497nam a22001457a 4500
008 - FIXED-LENGTH DATA ELEMENTS--GENERAL INFORMATION
fixed length control field 141210b xxu||||| |||| 00| 0 eng d
020 ## - INTERNATIONAL STANDARD BOOK NUMBER
International Standard Book Number 9780232528411
050 ## - LIBRARY OF CONGRESS CALL NUMBER
Classification number BX870. 2005 H4
100 ## - MAIN ENTRY--PERSONAL NAME
Personal name Benedict XVI in the UK, Pope
9 (RLIN) 13280
245 ## - TITLE STATEMENT
Title Heart Speaks unto Heart
Remainder of title the complete addresses and homilies
Statement of responsibility, etc Pope Benedict XVI in the UK
260 ## - PUBLICATION, DISTRIBUTION, ETC. (IMPRINT)
Place of publication, distribution, etc London
Name of publisher, distributor, etc Darton, Longman and Todd
Date of publication, distribution, etc 2010
300 ## - PHYSICAL DESCRIPTION
Extent 111p. ;
Dimensions 21cm.
600 ## - SUBJECT ADDED ENTRY--PERSONAL NAME
Personal name Benedict XVI
Geographic subdivision Great Britain
9 (RLIN) 13281
942 ## - ADDED ENTRY ELEMENTS (KOHA)
Source of classification or shelving scheme Library of Congress Classification
Item type Monograph ( Printed materials)
Holdings
Withdrawn status Lost status Source of classification or shelving scheme Damaged status Not for loan Collection code Home library Current library Shelving location Date acquired Total Checkouts Full call number Barcode Date last seen Price effective from Koha item type
    Library of Congress Classification     Main Collection ARRUPE LIBRARY ARRUPE LIBRARY Main Collection 10/12/2014   BX870. 2005 H4 46500003454 22/11/2017 10/12/2014 Monograph ( Printed materials)

 

Arrupe Library. PO Box MP320 Mt Pleasant, Harare, Zimbabwe
263 242 745411|librarian@aju.ac.zw